| 000 | 00431nam a22001457a 4500 | ||
|---|---|---|---|
| 999 |
_c526362 _d526362 |
||
| 003 | NUST | ||
| 020 | _a9789697621040 | ||
| 038 | _aMuhammad Ibrahim | ||
| 082 |
_a320.2945 _bHAL 2018 |
||
| 100 |
_aHali,Sultan Mahmood _917356 |
||
| 245 |
_aRising hindutva & its impact on the region _c Sultan Mahmood Hali |
||
| 260 |
_aIslamabad _bRumi Academy _c2018. |
||
| 300 |
_axxxiv, 342 p _billustrations, portraits _c25 cm. |
||
| 942 |
_2ddc _cBK |
||